Fundamentos tecnológicos de la educación

Tallennettuna:
Bibliografiset tiedot
Päätekijä: Ramírez Peradotto, Pedro (Tekijä)
Aineistotyyppi: Kirja
Kieli:espanja
Julkaistu: Antofagasta Universidad del Norte 1984
Sarja:Programa Orientación Educacional
Aiheet:
Tagit: Lisää tagi
Ei tageja, Lisää ensimmäinen tagi!

MARC

LEADER 00000nam a2200000 a 4500
001 UCW4499
003 CL-VaPUC
008 900423e19840000CL |||||||||||||||||spa|d
082 0 4 |a 370.11  |b RAM  |2 21 
100 0 |a Ramírez Peradotto, Pedro  |e author  |9 309261 
245 1 0 |a Fundamentos tecnológicos de la educación 
300 |a 329 p 
942 |c BK 
945 |d 19900423 00:00:00 
260 |a Antofagasta  |b Universidad del Norte  |c 1984 
650 0 |a Innovaciones pedagógicas  |9 307471 
650 7 |a EDUCACION METODOS EXPERIMENTALES  |2 CL-VaPUC  |9 309262 
650 0 |a Formación profesional de profesores  |9 307493 
583 |a last modification  |c 19900423 00:00:00  |k Rodrigo Vera 
490 0 |a Programa Orientación Educacional 
999 |c 218222  |d 218220 
952 |0 0  |1 0  |4 0  |6 370_110000000000000_RAM_1984  |7 0  |8 P  |9 207348  |a BIBEDU  |b BIBEDU  |c BIBEDU_PB  |d 2019-11-15  |i 2751283  |o 370.11 RAM 1984  |p 2751283  |r 2024-01-25  |w 2019-11-15  |y BK  |k EDU 
952 |0 0  |1 0  |4 0  |6 370_110000000000000_RAM_1984  |7 0  |8 P  |9 207349  |a BIBEDU  |b BIBEDU  |c BIBEDU_PB  |d 2019-11-15  |i 3226271  |o 370.11 RAM 1984  |p 3226271  |r 2024-01-25  |w 2019-11-15  |y BK  |k EDU